Ekofotografia 2013 10. ročník medzinárodnej výstavy fotografie s ekologickou tematikou

Bibliographic Details
Corporate Author: Ekofotografia Liptovský Mikuláš, Slovensko
Other Authors: Šubová, Dana, 1952- (Editor)
Format: Conference Proceeding Book
Language:Slovak
English
PhysicalDescription:[24] s. fotogr. 20 cm
Published: Liptovský Mikuláš Slovenské múzeum ochrany prírody a jaskyniarstva 2013
ISBN:9788088924791 (brož.)
Subjects:

MARC

LEADER 00000nam a22000005a 4500
001 vtls010544497
003 SK-MaSNL
005 20260302083240.0
008 160430s2013 xo o c 001 0 slo
015 |a SNBE2013 
020 |a 9788088924791 (brož.) 
040 |a SNK  |b slo  |c SNK  |e AACR2 
041 0 |a slo  |a eng 
043 |a e-xo--- 
044 |a xo  |c SK 
072 7 |a 77  |x Fotografia. Fotografické postupy  |2 konspekt 
080 |a 77.04  |2 2001 
080 |a 574  |2 2001 
080 |a 502/504  |2 2001 
080 |a 7.04  |2 2001 
080 |a (437.6)  |2 2001 
080 |a (083.824)  |2 2001 
111 2 |a Ekofotografia  |n (10. :  |d 2013 :  |c Liptovský Mikuláš, Slovensko)  |9 156872 
245 1 0 |a Ekofotografia 2013  |b 10. ročník medzinárodnej výstavy fotografie s ekologickou tematikou  |c grafická úprava: Miroslava Spišiaková, Dagmar Lepišová ; editor: Dana Šubová 
246 3 1 |a Ecophotography 2013 
260 |a Liptovský Mikuláš  |b Slovenské múzeum ochrany prírody a jaskyniarstva  |c 2013 
300 |a [24] s.  |b fotogr.  |c 20 cm 
504 |a Zoz. aut. a vystavených fotogr. 
546 |a Súbežný text angl. 
650 0 7 |a umelecká fotografia  |2 SNKPH  |9 29370 
650 0 7 |a ekológia  |2 SNKPH  |9 785 
650 0 7 |a životné prostredie  |2 SNKPH  |9 786 
650 0 7 |a Artistic photography  |2 SNKPHeng  |9 311568 
650 0 7 |a Ecology  |2 SNKPHeng  |9 265189 
650 0 7 |a Environment  |2 SNKPHeng  |9 267078 
650 0 7 |a námety, témy a motívy  |2 SNKPH  |9 2883 
650 0 7 |a Themes and motives  |2 SNKPHeng  |9 284413 
651 7 |a Liptovský Mikuláš (Slovensko)  |2 SNKPH  |9 36847 
651 7 |a Liptovský Mikuláš (Slovakia)  |2 SNKPHeng  |9 267442 
655 7 |a katalógy výstav  |2 SNKPH  |9 70445 
655 7 |a Exhibition catalogs  |2 SNKPHeng  |9 266232 
700 1 |a Šubová, Dana,  |d 1952-  |4 edt  |9 38043 
700 1 |a Spišiaková, Miroslava  |4 bkd  |9 750972 
700 1 |a Lepišová, Dagmar  |4 bkd  |9 654176 
919 |a 978-80-88924-79-1 
999 |c 1183071  |d 1185001 
952 |a SNK  |b SNK  |y PREZ  |7 0  |p 17A1090143  |o snkOSD 9746  |i snk2013/21827  |8 0  |0 0  |1 0  |4 0  |d 2013-09-18  |l 0  |r 2026-02-24 21:45:33  |w 2026-02-24 
952 |a SNK  |b SNK  |y VYP  |7 0  |p 17A1090142  |o snkOSD 9746 D1  |i snk2013/21828  |8 0  |0 0  |1 0  |4 0  |d 2013-09-18  |l 0  |r 2026-02-24 21:45:33  |w 2026-02-24